|
|
|
|
| LEADER |
00000cam a22000004a 4500 |
| 001 |
musev2_23901 |
| 003 |
MdBmJHUP |
| 005 |
20230905042537.0 |
| 006 |
m o d |
| 007 |
cr||||||||nn|n |
| 008 |
100615s2011 scu o 00 0 eng d |
| 020 |
|
|
|a 9781611172010
|
| 020 |
|
|
|z 9781570039669
|
| 020 |
|
|
|z 9781570039676
|
| 035 |
|
|
|a (OCoLC)822890053
|
| 040 |
|
|
|a MdBmJHUP
|c MdBmJHUP
|
| 100 |
1 |
|
|a Whyte, Mary.
|
| 245 |
1 |
0 |
|a Working South :
|b Paintings and Sketches by Mary Whyte /
|c by Mary Whyte ; foreword by Martha Severens.
|
| 264 |
|
1 |
|a Columbia, S.C. :
|b University of South Carolina Press,
|c 2011.
|
| 264 |
|
3 |
|a Baltimore, Md. :
|b Project MUSE,
|c 2014
|
| 264 |
|
4 |
|c ©2011.
|
| 300 |
|
|
|a 1 online resource (128 pages):
|b illustrations (chiefly color)
|
| 336 |
|
|
|a text
|b txt
|2 rdacontent
|
| 337 |
|
|
|a computer
|b c
|2 rdamedia
|
| 338 |
|
|
|a online resource
|b cr
|2 rdacarrier
|
| 500 |
|
|
|a Includes index.
|
| 505 |
0 |
|
|a Cover; Content; Foreword; Acknowledgments; Introduction; The Paintings; The Studies; Index; A; B; C; D; E; F; G; H; J; L; M; N; O; P; R; S; T; U; V; W; Y.
|
| 520 |
|
|
|a Dynamic artistry celebrating the diverse lives and labors of hardscrabble Southerners.
|
| 588 |
|
|
|a Description based on print version record.
|
| 600 |
1 |
7 |
|a Whyte, Mary.
|2 fast
|0 (OCoLC)fst00327425
|
| 600 |
1 |
1 |
|a Whyte, Mary
|x Themes, motives.
|
| 600 |
1 |
0 |
|a Whyte, Mary
|x Themes, motives.
|
| 650 |
|
7 |
|a Working class in art.
|2 fast
|0 (OCoLC)fst01180555
|
| 650 |
|
7 |
|a Themes, motives.
|2 fast
|0 (OCoLC)fst01355139
|
| 650 |
|
7 |
|a ART
|x American
|x General.
|2 bisacsh
|
| 650 |
|
7 |
|a ART
|x History
|x General.
|2 bisacsh
|
| 650 |
|
6 |
|a Travailleurs dans l'art.
|
| 650 |
|
0 |
|a Working class in art.
|
| 651 |
|
7 |
|a Southern States.
|2 fast
|0 (OCoLC)fst01244550
|
| 651 |
|
0 |
|a Southern States
|v In art.
|
| 655 |
|
7 |
|a Art
|2 fast
|0 (OCoLC)fst01423702
|
| 655 |
|
7 |
|a Electronic books.
|2 local
|
| 710 |
2 |
|
|a Project Muse.
|e distributor
|
| 830 |
|
0 |
|a Book collections on Project MUSE.
|
| 856 |
4 |
0 |
|z Texto completo
|u https://projectmuse.uam.elogim.com/book/23901/
|
| 945 |
|
|
|a Project MUSE - Custom Collection
|
| 945 |
|
|
|a Project MUSE - Archive Complete Supplement II
|
| 945 |
|
|
|a Project MUSE - Archive US Regional Studies, South Supplement II
|